000 00976cam a2200289 a 4500
001 4780616
003 ARRUPE
005 20151008124829.0
008 861021s1985 ilua b 000 0 eng
010 _a 86216112
020 _a0829405097 (pbk. : v. 1)
020 _a0829405208 (pbk. : v. 2)
040 _aDLC
_cDLC
_dDLC
041 0 _aenggrc
050 0 0 _aPA4179
_b.S4 1985
082 0 0 _a488.2/421
_219
100 1 _aSchoder, Raymond V.,
_d1916-1987.
_920169
245 1 2 _aA reading course in Homeric Greek /
_cRaymond V. Schoder, Vincent C. Horrigan ; with photographs by the author.
250 _a2nd ed., rev.
260 _aChicago, Ill. :
_bLoyola University Press,
_c1985.
300 _axix, 340p.;
_bill. (some col.) ;
_c28 cm.
504 _aBibliography: v. 2, p. 259-263.
650 0 _aGreek language, Homeric
_xReaders
_920170
700 1 _aHorrigan, Vincent C.
_920171
906 _a7
_bcbc
_corignew
_d2
_encip
_f19
_gy-gencatlg
942 _2lcc
_cMONOGRAPH
999 _c123482
_d123482